LEADER 01304nam a2200253 i 4500 001 000000100188 003 CaOOAMICUS 005 20161025000000.0 008 161025s2005 it u000 u ita u 013 $a72340 040 $aSeMil$bita 245 13$aLe Collezioni d'Arte della Cassa di Risparmio in Bologna e della Banca Popolare dell'Adriatico /$ca cura di Anna Coliva ; schede delle opere, biografie degli artisti Sofia Barchiesi e Marina Minozzi. 260 $aTorino :$bGruppo SanPaolo,$ccopyr. 2005. 300 $a319 p. :$bill. ;$c31 cm. 500 $aContiene : Nota bibliografica. 650 4$aFondazione Cassa di Risparmio delle provincie lombarde - Patrimonio artistico - Cataloghi.$0(OLS)http://semarc/subject/1950 700 1 $aColiva, Anna <1953- >.$0(OLS)http://semarc/name/90982 700 1 $aMinozzi, Marina.$0(OLS)http://semarc/name/38276 700 1 $aBarchiesi, Sofia.$0(OLS)http://semarc/name/42019 850 $aSeMil 852 $aSeMil$W1$xVenegono$y1$m5F XVI 71$j57381$B57381$CSeMilBibl$Z2$F67699 $81 961 $aOmaggio: Castiglioni don Luca 996 $6245$aLe Collezioni d'Arte della Cassa di Risparmio in Bologna e della Banca Popolare dell'Adriatico$9(OLS)http://semarc/title/147449 996 $6260$aTorino :$bGruppo SanPaolo$9(OLS)http://semarc/publisher/41403 LEADER 01437nam a2200313 i 4500 001 000000124783 003 CaOOAMICUS 005 20250404112752.0 008 040330s2003 be u000 u lat u 013 $a97480 020 $a2-503-60778-0 040 $aSeMil$bita 100 0 $aHieronymus,$c.$0(OLS)http://semarc/name/471 245 10$aCommentarii in Epistulas Pauli Apostoli ad Titum et ad Philemonem /$ccurante CTLO, Centre traditio litterarum occidentalium. 260 $aTurnhout :$bBrepols,$c2003. 300 $a39 p. ;$c25 cm + 3 microfiches. 490 0 $aCorpus Christianorum. Instrumenta lexicologica latina. Ser. A, Formae ;$vFasc.149 500 $aSpoglio lessicale 710 2 $aCentre traditio litterarum Occidentalium.$0(OLS)http://semarc/name/59 830 0$aCorpus Christianorum. Instrumenta lexicologica latina. Ser. A, Formae ;$v149.$0(OLS)http://semarc/title/82 850 $aSeMil 852 $aSeMil$W1$xVenegono$y1$mSL2.G CC.CM.ILL 149$j255765$B79302$CSeMilBibl$Z2$F81488 $8I 900 0 $aGirolamo$c. 961 $aSottoscrizione: Brepols 996 $6020$a2-503-60778-0$9(OLS)http://semarc/number/110589 996 $6245$aCommentarii in Epistulas Pauli Apostoli ad Titum et ad Philemonem$9(OLS)http://semarc/title/183661 996 $6260$aTurnhout :$bBrepols$9(OLS)http://semarc/publisher/29626